Music Quiz

Random Music or The Beatles Quiz

Is That a Beatles Song? Quiz Stats

 Plays Quiz Updated Jan 22, 2016

Challenge
Share
Tweet
Embed
Score 0/25 Timer 05:00
9 Plays Today
% Correct
All You Need Is Love
98.5%
Hey Jude
98.4%
Sgt. Pepper's Lonely Hearts Club Band
96.9%
Eleanor Rigby
96.8%
I Am the Walrus
95.8%
Eight Days a Week
95.1%
Ticket to Ride
92.9%
Revolution
92.3%
Blackbird
91.3%
Get Back
90.1%
The Long and Winding Road
89.6%
While My Guitar Gently Weeps
89.6%
A Day in the Life
89%
% Correct
Norwegian Wood (This Bird Has Flown)
87.7%
Drive My Car
87.2%
Michelle
85.5%
Something
84.5%
Good Day Sunshine
82.9%
You've Got to Hide Your Love Away
82.6%
Within You, Without You
78.2%
I Want You (She's So Heavy)
77.1%
And Your Bird Can Sing
74.2%
If I Fell
74.1%
It Won't Be Long
73.8%
Tomorrow Never Knows
70.9%

You're not logged in!

Compare scores with friends on all Sporcle quizzes.
Join for Free
OR
Log In

You Might Also Like...

Show Comments

Extras

Top Quizzes Today


Score Distribution

Your Account Isn't Verified!

In order to create a playlist on Sporcle, you need to verify the email address you used during registration. Go to your Sporcle Settings to finish the process.

Report this User

Report this user for behavior that violates our Community Guidelines.

Details: